| 000 | 00486nam a22001337a 4500 | ||
|---|---|---|---|
| 082 | _aMSCCS-5 ALI | ||
| 100 |
_aAmir Ali _998347 |
||
| 245 | _aGeneric access rights delegation framework for collaborative environment | ||
| 260 |
_aIslamabad _bNUST-SEECS _c2015 |
||
| 300 |
_a69p. _bill.; _eCD-ROM |
||
| 500 | _aSupervisors:Dr. Muhammad Awais Shibli, Dr. Shahzad Saleem, Ms. Hirra Anwar, Ms. Ayesha Kanwal | ||
| 856 | _uhttp://10.250.8.41:8080/xmlui/handle/123456789/6647 | ||
| 942 |
_cPR _2ddc |
||
| 999 |
_c13386 _d13386 |
||